000
00447nam a2200133Ia 4500
008
100328s9999 xx 000 0 und d
082
_b
29944
100
_a
वाळिंबे वि.स.-अनु.
245
_a
कथा ही दिवावादळाची
260
_b
केसरी
630
_a
कथा ही दिवावादळाची
730
_a
कथा ही दिवावादळाची
942
_c
BOOK
999
_c
520940
_d
520937